000 00272nam a22001217a 4500
008 180123b xxu||||| |||| 00| 0 eng d
041 _aeng
080 _a61
100 _a3
101 _aSHM
245 _aThe young child and the environment
_cSayre,N.E
942 _2udc
_cBK
999 _c40762
_d40762